| 000 | 00906nam2a22002411 4500 | ||
|---|---|---|---|
| 001 | rc\464252 | ||
| 005 | 20250621165502.0 | ||
| 035 | _a(NLR Aleph) 005816621 | ||
| 090 |
_a5437148 _c5437148 |
||
| 100 | _a20030616d1988 |||y0rusy50 ca | ||
| 101 | 0 | _arus | |
| 102 | _aRU | ||
| 105 | _aa ||||||||| | ||
| 200 | 0 | _aКн. 1 | |
| 210 |
_d1988 _aБ. м. |
||
| 215 |
_a462, [2] с. _cил. |
||
| 461 | 0 |
_1001rc\464251 _12001#$aПосле бури$eРоман$fСергей Залыгин$g[Худож. И. Бронников]$vКн. 1 _1700#1$aЗалыгин$bС.П.$gСергей Павлович$f1913-2000$3RU\NLR\AUTH\7727472 _95437144 _aЗалыгин, С. П. (1913-2000) _cМ. _d1988 _fСергей Залыгин _nИзвестия _oРоман _tПосле бури _vКн. 1 |
|
| 801 | 0 |
_aRU _bNLR _gpsbo |
|
| 801 | 1 |
_aRU _bELAR _2rusmarc |
|
| 852 |
_aNLR _j88-3/7121 |
||
| 942 | _cBOOK | ||
| 980 | _aNB | ||